Surplus flows and growth imbalances : the intersectoral flow of real resources in India, 1951-1971 /
Saved in:
| Main Author: | |
|---|---|
| Format: | Book |
| Language: | English |
| Published: |
New Delhi :
Allied Publishers,
1981.
|
| Series: | Monograph in economics ;
no. 5. |
| Subjects: | |
| Tags: |
Add Tag
No Tags, Be the first to tag this record!
|
| LEADER | 01213nam a2200325 a 4500 | ||
|---|---|---|---|
| 001 | 001035677-0 | ||
| 005 | 20020606090541.3 | ||
| 008 | 821213s1981 ii b 00110 eng | ||
| 010 | |a 81905084 | ||
| 020 | |c Rs85.00 | ||
| 035 | 0 | |a ocm08972631 | |
| 040 | |a DLC |c DLC |d m/c |d CRL | ||
| 043 | |a a-ii--- | ||
| 050 | 0 | |a HC435.2 |b .M85 1981 | |
| 082 | 0 | |a 330.954/04 |2 19 | |
| 100 | 1 | |a Mundle, Sudipto. | |
| 245 | 1 | 0 | |a Surplus flows and growth imbalances : |b the intersectoral flow of real resources in India, 1951-1971 / |c Sudipto Mundle. |
| 260 | 0 | |a New Delhi : |b Allied Publishers, |c 1981. | |
| 300 | |a xii, 210 p. ; |c 22 cm. | ||
| 490 | 1 | |a Monograph in economics / Delhi School of Economics ; |v no. 5 | |
| 500 | |a Revision of the author's thesis (doctoral--University of Delhi, 1977) | ||
| 500 | |a Includes index. | ||
| 504 | |a Bibliography: p. [192]-205. | ||
| 650 | 0 | |a Agriculture |x Economic aspects |z India. | |
| 651 | 0 | |a India |x Economic conditions |y 1947- | |
| 650 | 0 | |a Industries |z India. | |
| 776 | 0 | 8 | |i Online version: |a Mundle, Sudipto. |t Surplus flows and growth imbalances. |d New Delhi : Allied Publishers, 1981 |w (OCoLC)902905719 |
| 830 | 0 | |a Monograph in economics ; |v no. 5. | |
| 988 | |a 20020608 | ||
| 906 | |0 DLC | ||


